Jean Ferrat - Nuit et Brouillard - Statistiques

Statistiques générales
  • Ce quiz a été pris 133 fois
  • Le résultat moyen est 221 sur 296
Statistiques - réponses
Réponse % Correct
de
98%
des
98%
dés
98%
Dès
98%
et
98%
Et
98%
à
97%
cent
97%
il
97%
milliers
97%
étaient
95%
Ils
95%
ils
95%
le
95%
vingt
95%
dans
92%
Je
92%
la
91%
La
91%
Qui
91%
qui
91%
Les
89%
les
89%
leur
89%
se
89%
wagons
89%
nuit
88%
Nus
88%
leurs
86%
maigres
86%
que
86%
Que
86%
ces
85%
ne
85%
si
85%
plombés
83%
plus
83%
tremblants
83%
un
83%
vous
83%
Vous
83%
En
80%
en
80%
été
80%
du
78%
jetés
78%
mais
78%
Mais
78%
On
78%
pas
77%
avaient
74%
fin
74%
n'étaient
74%
ongles
74%
croyaient
72%
heure
72%
hommes
72%
jour
72%
ou
72%
qu'un
72%
déchiraient
71%
jamais
71%
nombres
71%
ombre
71%
priaient
71%
une
71%
Depuis
69%
Jésus
69%
main
69%
reste
69%
revoir
69%
Vishnou
69%
battants
68%
étiez
68%
longtemps
68%
retombe
68%
sans
68%
au
66%
genoux
66%
monotone
66%
mots
66%
Certains
65%
encore
65%
hâte
65%
qu'importe
65%
temps
65%
vivre
65%
devaient
63%
était
63%
miradors
63%
qu'une
63%
Samuel
63%
s'appelaient
63%
Allemands
62%
chiens
62%
D'autres
62%
haut
62%
l'espoir
62%
me
62%
voulaient
62%
ciel
60%
comme
60%
n'en
60%
n'ont
60%
obstinément
60%
policiers
60%
Survivre
60%
chanter
58%
d'arrêts
58%
départs
58%
devenues
58%
distiller
58%
dit
58%
est
58%
fallait
58%
guettaient
58%
Jean-Pierre
58%
Pour
58%
simplement
58%
soient
58%
taisait
58%
taisiez
58%
tours
58%
voyage
58%
âge
57%
bleues
57%
heureux
57%
Jéhovah
57%
Lune
57%
Qu'il
57%
qu'il
57%
roues
57%
s'il
57%
taille
57%
tous
57%
veines
57%
bras
55%
chansons
55%
Combien
55%
d'amour
55%
donc
55%
être
55%
m'arrêter
55%
Natacha
55%
peuvent-ils
55%
pouvoir
55%
qu'à
55%
sert
55%
twister
55%
Ceux
54%
chair
54%
fuite
54%
guitare
54%
présent
54%
tendre
54%
cours
52%
enfants
52%
finissent
52%
l'Histoire
52%
rien
52%
sachent
52%
mieux
51%
n'arrivaient
51%
prendre
51%
sont
51%
twisterais
51%
vaut
51%
vite
51%
vos
51%
aujourd'hui
49%
entrant
49%
revenus
49%
étonnés
48%
L'ombre
48%
sang
48%
sèche
48%
Votre
48%
c'est
46%
l'été
46%
regardant
46%
loin
45%
faite
43%
humaine
43%
s'est
43%
déchiriez
42%
dehors
42%
d'oublier
40%
essaient
38%
Aucun quiz correspondant
Distribution des résultats
% des personnes avec chaque résultat
Percentile par nombre de réponses
Votre historique - résultats
Vous n’avez pas pris ce quiz